[Event "World Blitz Championship"]
[Site "Berlin GER"]
[Date "2015.10.14"]
[EventDate "2015.10.13"]
[Round "20.20"]
[Result "0-1"]
[White "Jan-Krzysztof Duda"]
[Black "Evgeny Alekseev"]
[WhiteElo "2658"]
[BlackElo "2642"]
[PlyCount "138"]

1. e4 c5 2. Nc3 e6 3. g3 Nc6 4. Bg2 g6 5. d3 Bg7 6. Be3 d6
7. Qd2 e5 8. Nge2 Nge7 9. Bh6 O-O 10. h4 f6 11. h5 Bxh6
12. Qxh6 g5 13. Nd5 Nxd5 14. exd5 Ne7 15. g4 Bxg4 16. Ng3 Nf5
17. Nxf5 Bxf5 18. O-O-O Rc8 19. Rdg1 c4 20. Be4 Bxe4 21. dxe4
Kh8 22. Rh3 b5 23. Rf3 Qe7 24. Rf5 b4 25. Rg3 a5 26. Rgf3 Qg7
27. Qxg7+ Kxg7 28. Rh3 Kf7 29. Kd1 Ke7 30. a4 bxa3 31. Rxa3
Rc5 32. Ra4 Rb8 33. Kc1 Rb4 34. Rxb4 axb4 35. Kb1 Ra5 36. Rf3
Ra8 37. Rg3 h6 38. Rf3 g4 39. Rg3 Rg8 40. Ka2 f5 41. exf5 Kf6
42. c3 bxc3 43. Rxc3 Rc8 44. Ka3 Kxf5 45. Kb4 Rb8+ 46. Ka3 Kg5
47. Rxc4 Kxh5 48. Rc6 Rd8 49. b4 Kg5 50. b5 e4 51. b6 e3
52. fxe3 g3 53. Kb4 g2 54. Rc1 Kg4 55. Kb5 h5 56. b7 Rb8
57. Kb6 h4 58. Rc8 Rxb7+ 59. Kxb7 h3 60. Kc6 h2 61. Rg8+ Kf3
62. Kxd6 g1=Q 63. Rf8+ Kxe3 64. Re8+ Kd4 65. Kd7 h1=Q 66. d6
Qb7+ 67. Kd8 Qg5+ 68. Re7 Qb8+ 69. Kd7 Qf5+ 0-1

[Event "European Team Championship"]
[Site "Reykjavik ISL"]
[Date "2015.11.14"]
[EventDate "2015.11.13"]
[Round "2.9"]
[Result "1-0"]
[White "Jan-Krzysztof Duda"]
[Black "Dmitry Svetushkin"]
[WhiteElo "2658"]
[BlackElo "2585"]
[PlyCount "103"]

1. e4 c6 2. d4 d5 3. Nc3 dxe4 4. Nxe4 Bf5 5. Ng3 Bg6 6. Nh3 e6
7. Nf4 Qc7 8. c3 Bd6 9. Qf3 Nf6 10. h4 Nbd7 11. h5 Bc2 12. h6
g6 13. Bd3 Bxd3 14. Nxd3 Qa5 15. O-O Qd5 16. Qe2 O-O 17. Re1
Rfe8 18. Ne5 b5 19. Bf4 a5 20. Rad1 a4 21. b3 axb3 22. axb3
Bf8 23. c4 bxc4 24. bxc4 Qa5 25. Nxc6 Qa2 26. Qf1 Rec8 27. Ra1
Qb2 28. Na7 Rxa7 29. Rxa7 Qxd4 30. Rc7 Rxc7 31. Bxc7 Qh4
32. Qd3 Qxh6 33. Bd6 Nc5 34. Qd4 Nfd7 35. Bxf8 Qxf8 36. Ne4
Qg7 37. Qxg7+ Kxg7 38. Nxc5 Nxc5 39. Re5 Nd7 40. Rb5 Kf8
41. f4 Ke8 42. c5 Nf6 43. c6 Nd5 44. Rb7 h6 45. Kf2 f5 46. Rg7
Kd8 47. Rxg6 Nxf4 48. Rxh6 Ke7 49. Rh7+ Kd8 50. Kf3 Nd5
51. Rd7+ Kc8 52. Rd6 1-0

[Event "European Team Championship"]
[Site "Reykjavik ISL"]
[Date "2015.11.15"]
[EventDate "2015.11.13"]
[Round "3.4"]
[Result "1/2-1/2"]
[White "Baadur Aleksandrovich Jobava"]
[Black "Jan-Krzysztof Duda"]
[WhiteElo "2668"]
[BlackElo "2658"]
[PlyCount "87"]

1. c4 c5 2. Nc3 Nc6 3. g3 g6 4. Bg2 Bg7 5. Nf3 e5 6. d3 Nge7
7. Bd2 d6 8. a3 b6 9. b4 Bb7 10. b5 Nd4 11. e4 Qd7 12. O-O O-O
13. a4 a5 14. Nxd4 exd4 15. Ne2 Rae8 16. h4 h6 17. Nf4 Kh7
18. Ra2 Be5 19. Bh3 Qd8 20. f3 Bc8 21. Bxc8 Qxc8 22. Bc1 f5
23. Raf2 Rf7 24. Kg2 Ref8 25. Nh3 Qe6 26. Bf4 fxe4 27. fxe4
Ng8 28. g4 Qe7 29. g5 Bxf4 30. Rxf4 Rxf4 31. Nxf4 hxg5 32. Nd5
Rxf1 33. Qxf1 Qe6 34. Qf3 gxh4 35. Nxb6 Nf6 36. Nd5 Nxd5
37. exd5 Qe7 38. Kh3 Kh6 39. b6 Qe3 40. Kg2 Qg5+ 41. Kh2 Qd2+
42. Kh3 Qe3 43. Kg2 Qg5+ 44. Kh3 1/2-1/2

[Event "European Team Championship"]
[Site "Reykjavik ISL"]
[Date "2015.11.16"]
[EventDate "2015.11.13"]
[Round "4.14"]
[Result "1/2-1/2"]
[White "Richard Rapport"]
[Black "Jan-Krzysztof Duda"]
[WhiteElo "2693"]
[BlackElo "2658"]
[PlyCount "100"]

1. Nf3 d5 2. g3 c6 3. Bg2 Bg4 4. c4 e6 5. O-O Nf6 6. d3 Nbd7
7. cxd5 exd5 8. Nc3 Be7 9. Qc2 O-O 10. e4 Nc5 11. Ne5 Be6
12. Kh1 Nfd7 13. Nf3 Nb6 14. Rd1 Rc8 15. Nd4 Bg4 16. f3 Bd7
17. Be3 g6 18. Qf2 Nca4 19. Nxa4 Nxa4 20. Nb3 c5 21. d4 c4
22. Nc5 Nxc5 23. dxc5 dxe4 24. fxe4 Qc7 25. Bh6 Be6 26. Qd4 f6
27. Bxf8 Rxf8 28. c6 Qxc6 29. Qxa7 Bc5 30. Qa5 b6 31. Qd2 Qc7
32. Qf4 Qe5 33. Qxe5 fxe5 34. Rf1 Rd8 35. Rad1 Bd4 36. Rf6 Re8
37. Rd2 Kg7 38. Rf1 Ra8 39. a3 Ra5 40. h4 Rb5 41. Bf3 Rxb2
42. Rxb2 Bxb2 43. a4 Bd4 44. Kg2 c3 45. Bd1 Bc4 46. Rf3 Be2
47. Bxe2 c2 48. Rf1 Be3 49. Rc1 Bxc1 50. Bd3 Be3 1/2-1/2

[Event "European Team Championship"]
[Site "Reykjavik ISL"]
[Date "2015.11.17"]
[EventDate "2015.11.13"]
[Round "5.9"]
[Result "1-0"]
[White "Jan-Krzysztof Duda"]
[Black "Alexander Ipatov"]
[WhiteElo "2658"]
[BlackElo "2624"]
[PlyCount "89"]

1. e4 e5 2. Nf3 Nf6 3. Nxe5 d6 4. Nf3 Nxe4 5. d4 d5 6. Bd3 Bd6
7. O-O O-O 8. c4 c6 9. Qc2 Na6 10. a3 f5 11. Nc3 Nc7 12. b4
Bd7 13. Ne2 dxc4 14. Bxc4+ Be6 15. Ne5 Bxe5 16. Bxe6+ Nxe6
17. dxe5 Qc7 18. Bb2 Rad8 19. Rad1 Qb6 20. Ng3 Rd5 21. Nxe4
fxe4 22. Rde1 a5 23. Rxe4 axb4 24. axb4 Qd8 25. Bc1 Rf5 26. f4
h5 27. g3 g6 28. Rc4 Qb6+ 29. Kg2 Kg7 30. Qe4 Qa6 31. Be3 Kg8
32. Rf2 Qa1 33. Rcc2 Qb1 34. Qc4 Qe1 35. Rfe2 Qb1 36. Rb2 Qd3
37. Qxd3 Rxd3 38. Rbd2 Rb3 39. Rd6 Kf7 40. Rd7+ Ke8 41. Rxb7
g5 42. fxg5 Rxe5 43. Kf2 Kf8 44. g6 Rf5+ 45. Kg2 1-0

[Event "European Team Championship"]
[Site "Reykjavik ISL"]
[Date "2015.11.19"]
[EventDate "2015.11.13"]
[Round "6.8"]
[Result "1/2-1/2"]
[White "Mikael Agopov"]
[Black "Jan-Krzysztof Duda"]
[WhiteElo "2452"]
[BlackElo "2658"]
[PlyCount "80"]

1. e4 c5 2. Nf3 d6 3. d4 cxd4 4. Nxd4 Nf6 5. Nc3 a6 6. h3 e6
7. g4 Nfd7 8. g5 Be7 9. h4 O-O 10. Be3 Nc6 11. f4 Qb6 12. a3
Nxd4 13. Bxd4 Qc6 14. Qd2 b5 15. O-O-O Bb7 16. h5 Nc5 17. g6
fxg6 18. hxg6 h6 19. Rg1 Rad8 20. Bh3 a5 21. b4 axb4 22. axb4
Qa6 23. Kb2 e5 24. Ra1 exd4 25. Nd5 Na4+ 26. Rxa4 bxa4
27. Nxe7+ Kh8 28. Qxd4 a3+ 29. Ka1 Qe2 30. Nf5 Rxf5 31. Bxf5
Qxc2 32. Rh1 Kg8 33. Be6+ Kf8 34. Re1 Bxe4 35. Rxe4 Qc1+
36. Ka2 Qc2+ 37. Ka1 Qc1+ 38. Ka2 Qc2+ 39. Ka1 Qc1+ 40. Ka2
Qc2+ 1/2-1/2

[Event "European Team Championship"]
[Site "Reykjavik ISL"]
[Date "2015.11.22"]
[EventDate "2015.11.13"]
[Round "9.6"]
[Result "1/2-1/2"]
[White "Jan-Krzysztof Duda"]
[Black "Aryan Tari"]
[WhiteElo "2658"]
[BlackElo "2532"]
[PlyCount "100"]

1. e4 e5 2. Nf3 Nc6 3. Bc4 Nf6 4. d3 Bc5 5. c3 O-O 6. O-O d6
7. Bg5 Be6 8. Nbd2 h6 9. Bh4 Qe7 10. b4 Bb6 11. Bb3 Bxb3
12. axb3 g5 13. Bg3 Qe6 14. Nc4 Ne7 15. Re1 Ng6 16. d4 Rfd8
17. Qc2 Nh5 18. Rad1 c6 19. Ne3 Nhf4 20. Nf5 Ne7 21. Bxf4 exf4
22. g4 fxg3 23. Nxe7+ Qxe7 24. hxg3 Rf8 25. Kg2 Qd7 26. Rh1
Kg7 27. e5 Rh8 28. c4 d5 29. Nh2 Raf8 30. Qe2 f5 31. exf6+
Rxf6 32. Ng4 Qe6 33. Rhe1 Qxe2 34. Rxe2 Rf7 35. Re6 Bc7
36. cxd5 cxd5 37. Ne3 Rhf8 38. Rd2 Rd7 39. Rc2 Bb6 40. g4 Bxd4
41. Nf5+ Rxf5 42. gxf5 Bf6 43. Kf3 d4 44. Ke4 h5 45. f3 h4
46. Kd3 Rf7 47. Rg2 Rc7 48. Rc2 Rf7 49. Rg2 Rc7 50. Rc2 Rf7
1/2-1/2

[Event "Bundesliga 2015/16"]
[Site "Hamburg GER"]
[Date "2015.12.11"]
[EventDate "2015.09.18"]
[Round "7.7"]
[Result "1-0"]
[White "Michal Olszewski"]
[Black "Jan-Krzysztof Duda"]
[WhiteElo "2548"]
[BlackElo "2645"]
[PlyCount "79"]

1. e4 c5 2. Nf3 d6 3. d4 cxd4 4. Nxd4 Nf6 5. Nc3 Nc6 6. f4 g6
7. Be3 Bg7 8. Be2 O-O 9. O-O Qb6 10. e5 dxe5 11. fxe5 Nxe5
12. Nf5 Qxb2 13. Nxe7+ Kh8 14. Bd4 Qb4 15. Bxe5 Qxe7 16. Qd4
Nh5 17. Bxg7+ Nxg7 18. Bf3 Be6 19. Rab1 Rfd8 20. Nd5 Qd6
21. c4 b6 22. Kh1 Rac8 23. Qh4 Bxd5 24. Bxd5 f5 25. Qd4 Rc7
26. Rfe1 Re7 27. Rxe7 Qxe7 28. a4 Re8 29. h3 Qc7 30. Kg1 Qg3
31. a5 Re1+ 32. Rxe1 Qxe1+ 33. Kh2 Qe7 34. axb6 Qd6+ 35. Kh1
axb6 36. Qa1 Qd8 37. Bf7 Qb8 38. Qd4 Qc7 39. Qf6 Qb8 40. Bd5
1-0

[Event "Bundesliga 2015/16"]
[Site "Hamburg GER"]
[Date "2015.12.12"]
[EventDate "2015.09.18"]
[Round "3.7"]
[Result "1-0"]
[White "Radoslaw Wojtaszek"]
[Black "Jan-Krzysztof Duda"]
[WhiteElo "2741"]
[BlackElo "2645"]
[PlyCount "109"]

1. d4 Nf6 2. c4 e6 3. g3 d5 4. Nf3 dxc4 5. Bg2 a6 6. O-O Nc6
7. e3 Bd7 8. Qe2 Bd6 9. Qxc4 O-O 10. Rd1 Rb8 11. Nbd2 Qe7
12. b3 e5 13. Bb2 Rfe8 14. dxe5 Nxe5 15. Nxe5 Bxe5 16. Bxe5
Qxe5 17. Nf3 Qa5 18. b4 Qb6 19. Nd4 c6 20. a4 Rbd8 21. a5 Qa7
22. Rd3 Qb8 23. Rad1 h5 24. Qc1 Rc8 25. Nb3 Bf5 26. Rd4 Rc7
27. Nc5 Rce7 28. Qc4 Qc8 29. e4 Bh3 30. Qd3 Bxg2 31. Kxg2 h4
32. f3 Qc7 33. Rd8 b6 34. Nxa6 Qb7 35. axb6 Qxb6 36. Rd4 Ra7
37. Nc5 Qb8 38. Rd2 Ra1 39. Rd1 Ra8 40. Qc4 Qe5 41. Nd3 Qg5
42. Nf4 Reb8 43. R1d2 hxg3 44. hxg3 Nh5 45. Ne2 Ra3 46. Qc5
Qxc5 47. bxc5 Rbb3 48. Rd8+ Kh7 49. Nd4 Rc3 50. Rd7 f6 51. Rb2
Rc1 52. g4 Nf4+ 53. Kg3 Ng6 54. Rbb7 Kh6 55. Rxg7 1-0

[Event "Bundesliga 2015/16"]
[Site "Hamburg GER"]
[Date "2015.12.13"]
[EventDate "2015.09.18"]
[Round "4.8"]
[Result "1-0"]
[White "Jan-Krzysztof Duda"]
[Black "Michael Bezold"]
[WhiteElo "2645"]
[BlackElo "2509"]
[PlyCount "57"]

1. e4 c5 2. Nf3 e6 3. g3 Nc6 4. Bg2 Nf6 5. Qe2 d5 6. exd5 Nxd5
7. O-O Be7 8. Rd1 Ndb4 9. d3 Nd4 10. Nxd4 cxd4 11. c4 Nc6
12. b3 O-O 13. Na3 Re8 14. Nc2 a5 15. a3 Bd7 16. Bd2 Bf6
17. b4 Qc7 18. b5 Nd8 19. Re1 Re7 20. Rac1 Rc8 21. Na1 b6
22. c5 bxc5 23. a4 Nb7 24. Nb3 Be8 25. Bxb7 Qxb7 26. Nxc5 Qd5
27. Ne4 Rec7 28. Nxf6+ gxf6 29. Qg4+ 1-0

[Event "Qatar Masters"]
[Site "Doha QAT"]
[Date "2015.12.24"]
[EventDate "2015.12.20"]
[Round "5.20"]
[Result "1/2-1/2"]
[White "Yiye Wang"]
[Black "Jan-Krzysztof Duda"]
[WhiteElo "2438"]
[BlackElo "2663"]
[PlyCount "131"]

1. e4 c5 2. Nf3 d6 3. Bb5+ Nd7 4. c4 Nf6 5. Nc3 e5 6. d3 Be7
7. O-O O-O 8. Bxd7 Nxd7 9. Nd5 f5 10. exf5 Rxf5 11. Nd2 Bf8
12. Ne4 Nb6 13. g4 Rf7 14. Ng5 Qd7 15. f4 Nxd5 16. cxd5 exf4
17. Nxf7 Qxf7 18. Bxf4 Qxd5 19. h3 Be6 20. Qf3 a5 21. Qxd5
Bxd5 22. d4 c4 23. Rae1 c3 24. bxc3 Bxa2 25. Bc1 Bc4 26. Rf2
d5 27. Bg5 a4 28. Be7 Bxe7 29. Rxe7 a3 30. Re1 a2 31. Ra1 Ra3
32. Kg2 h6 33. Rf3 Kh7 34. Kg3 Kg6 35. Kg2 b5 36. Kg3 h5
37. gxh5+ Kxh5 38. Kg2 Ra6 39. Rf5+ g5 40. Rf2 Ra8 41. Kg3 Re8
42. Kg2 Re3 43. Rf3 Re8 44. Rf2 Ra8 45. Kg3 Ra4 46. Kg2 b4
47. cxb4 Rxb4 48. Raxa2 Bxa2 49. Rxa2 Rxd4 50. Ra6 Rd3 51. Rd6
d4 52. Kf2 Rd2+ 53. Ke1 Rd3 54. Kf2 Rd1 55. Ke2 Rh1 56. Rxd4
Rxh3 57. Kf2 Rh4 58. Rd6 Ra4 59. Kg3 Ra3+ 60. Kg2 Kh4 61. Rd4+
g4 62. Rd2 Rf3 63. Rd8 Rh3 64. Rh8+ Kg5 65. Rxh3 gxh3+
66. Kxh3 1/2-1/2

[Event "Paul Keres Memorial"]
[Site "Tallinn EST"]
[Date "2016.01.09"]
[EventDate "2016.01.08"]
[Round "5.1"]
[Result "1-0"]
[White "Jan-Krzysztof Duda"]
[Black "Daniel Grigoryevich Fridman"]
[WhiteElo "2660"]
[BlackElo "2624"]
[PlyCount "101"]

1. d4 d5 2. c4 e6 3. Nc3 Nf6 4. cxd5 exd5 5. Bg5 c6 6. e3 Bf5
7. Qf3 Bg6 8. Bxf6 Qxf6 9. Qxf6 gxf6 10. g3 Nd7 11. Bh3 Nb6
12. Nge2 a5 13. O-O a4 14. Rfc1 Bd6 15. Nf4 O-O 16. Ng2 Nc4
17. Nd1 Ra5 18. Nh4 Rfa8 19. f4 Bd3 20. Bf5 Bxf5 21. Nxf5 Bf8
22. Rc2 Rb5 23. Rac1 Ra6 24. Re2 Ra8 25. Kg2 Re8 26. Kf3 Nd6
27. Nxd6 Bxd6 28. g4 Ra5 29. Nf2 c5 30. dxc5 Bxc5 31. Nh1 Rb5
32. Ng3 d4 33. exd4 Rxe2 34. Nxe2 Bf8 35. Rc2 f5 36. gxf5 Rxf5
37. Ke4 Rb5 38. Nc3 f5+ 39. Kd3 Ra5 40. Kc4 Bd6 41. Rf2 Ra6
42. d5 Ra8 43. Kb5 a3 44. b4 Re8 45. Ka4 Re3 46. Nb5 Bf8
47. Rd2 Kf7 48. d6 Ke8 49. Rd5 Bg7 50. d7+ Kd8 51. Nd6 1-0

[Event "Paul Keres Memorial"]
[Site "Tallinn EST"]
[Date "2016.01.09"]
[EventDate "2016.01.08"]
[Round "6.1"]
[Result "1/2-1/2"]
[White "Nikita Vitiugov"]
[Black "Jan-Krzysztof Duda"]
[WhiteElo "2721"]
[BlackElo "2660"]
[PlyCount "55"]

1. d4 Nf6 2. c4 e6 3. Nc3 Bb4 4. Nf3 b6 5. Bd2 Bb7 6. e3 O-O
7. Bd3 d6 8. Qc2 Nbd7 9. a3 Bxc3 10. Bxc3 c5 11. Ng5 h6
12. Nh7 Nxh7 13. Bxh7+ Kh8 14. Be4 Bxe4 15. Qxe4 d5 16. Qd3
dxc4 17. Qxc4 cxd4 18. Qxd4 e5 19. Qd5 Nc5 20. Rd1 Qxd5
21. Rxd5 Rfd8 22. Rxd8+ Rxd8 23. Ke2 f6 24. Rc1 Kg8 25. f3 Kf7
26. Bb4 Ne6 27. Rc6 h5 28. h4 1/2-1/2

[Event "Paul Keres Memorial"]
[Site "Tallinn EST"]
[Date "2016.01.09"]
[EventDate "2016.01.08"]
[Round "7.1"]
[Result "1/2-1/2"]
[White "Jan-Krzysztof Duda"]
[Black "David Howell"]
[WhiteElo "2660"]
[BlackElo "2685"]
[PlyCount "76"]

1. d4 Nf6 2. c4 e6 3. Nf3 d5 4. Nc3 Be7 5. Bf4 O-O 6. Rc1 b6
7. cxd5 Nxd5 8. Nxd5 Qxd5 9. a3 c5 10. e3 Ba6 11. Bxa6 Nxa6
12. Qe2 Qb7 13. dxc5 Nxc5 14. b4 Na6 15. O-O Rac8 16. Ne5 Nb8
17. Qg4 Nd7 18. Bg3 Bf6 19. Nc4 Qc6 20. b5 Qa8 21. Rfd1 Nc5
22. Nd6 Rcd8 23. a4 Rd7 24. e4 h5 25. Qxh5 Nxe4 26. Nxe4 Rxd1+
27. Qxd1 Qxe4 28. h3 Rd8 29. Qc2 Qd4 30. Kh2 Be7 31. Qc7 Rd7
32. Qc6 Bc5 33. Rc4 Qd5 34. Re4 Rd8 35. Qc7 Qd7 36. Qf4 Qd5
37. Qc7 Qd7 38. Qf4 Qd5 1/2-1/2

[Event "Paul Keres Memorial"]
[Site "Tallinn EST"]
[Date "2016.01.09"]
[EventDate "2016.01.08"]
[Round "8.2"]
[Result "1/2-1/2"]
[White "Kamil Miton"]
[Black "Jan-Krzysztof Duda"]
[WhiteElo "2612"]
[BlackElo "2660"]
[PlyCount "26"]

1. e4 e5 2. Nf3 Nc6 3. Bb5 a6 4. Bxc6 dxc6 5. O-O Bg4 6. h3 h5
7. c3 Qd3 8. hxg4 hxg4 9. Nxe5 Bd6 10. Nxd3 Bh2+ 11. Kh1 Bg3+
12. Kg1 Bh2+ 13. Kh1 Bf4+ 1/2-1/2

[Event "Tradewise Gibraltar"]
[Site "Catalan Bay GIB"]
[Date "2016.01.28"]
[EventDate "2016.01.26"]
[Round "3.26"]
[Result "0-1"]
[White "Tingjie Lei"]
[Black "Jan-Krzysztof Duda"]
[WhiteElo "2474"]
[BlackElo "2660"]
[PlyCount "84"]

1. d4 Nf6 2. c4 e6 3. g3 d5 4. Bg2 Bb4+ 5. Nd2 O-O 6. Qc2 c5
7. dxc5 Nc6 8. Nf3 Qe7 9. a3 Bxc5 10. b4 Nd4 11. Nxd4 Bxd4
12. Rb1 dxc4 13. e3 c3 14. Nf3 Bb6 15. Qxc3 Bd7 16. O-O Bb5
17. Re1 Rac8 18. Qe5 Bd3 19. Ra1 Rc2 20. Bd2 Ne4 21. Rac1 Ra2
22. Bh3 Re8 23. Ra1 Nxd2 24. Nxd2 Rxd2 25. Qc3 Rd8 26. Qxd2
Bf5 27. Qxd8+ Bxd8 28. Bxf5 exf5 29. Red1 g6 30. Rd5 Bb6
31. Rad1 Kg7 32. R1d3 h5 33. h4 Qe4 34. Kf1 Qh1+ 35. Ke2 Qh3
36. Rd7 Qg4+ 37. Ke1 Qc4 38. Ke2 Bc7 39. Rd4 Qa2+ 40. Kf3 Be5
41. Rd5 Bc3 42. Rd1 Be1 0-1

[Event "Bundesliga 2015/16"]
[Site "Norderstedt GER"]
[Date "2016.03.12"]
[EventDate "2015.09.18"]
[Round "10.4"]
[Result "0-1"]
[White "Andrey Vovk"]
[Black "Jan-Krzysztof Duda"]
[WhiteElo "2611"]
[BlackElo "2645"]
[PlyCount "82"]

1. e4 c5 2. Nf3 d6 3. d4 cxd4 4. Nxd4 Nf6 5. Nc3 Bd7 6. Bg5 e6
7. f3 a6 8. Qd2 h6 9. Be3 Be7 10. g4 b5 11. h4 b4 12. Nce2 e5
13. Nf5 Bxf5 14. exf5 d5 15. Bg2 d4 16. Bf2 Nc6 17. f4 Rc8
18. g5 hxg5 19. fxg5 Nd5 20. Qd3 Qa5 21. Qb3 Ne3 22. Bxe3 dxe3
23. O-O-O Qb5 24. Qxe3 Na5 25. Bd5 Nc4 26. Qe4 Qc5 27. Kb1 Kf8
28. f6 gxf6 29. gxf6 Bxf6 30. Qf3 Rh6 31. Be4 Qe3 32. Qf5 Rc7
33. Bd3 Nxb2 34. Rh3 Qc5 35. Rf1 Nc4 36. Bxc4 Qxc4 37. Ng3 e4
38. Qxe4 Qc3 39. Rxf6 Rxf6 40. Nf5 Qc4 41. Nd4 Qf1+ 0-1

[Event "Bundesliga 2015/16"]
[Site "Norderstedt GER"]
[Date "2016.03.13"]
[EventDate "2015.09.18"]
[Round "11.3"]
[Result "1-0"]
[White "Jan-Krzysztof Duda"]
[Black "Maxim Rodshtein"]
[WhiteElo "2645"]
[BlackElo "2673"]
[PlyCount "71"]

1. d4 Nf6 2. c4 e6 3. Nf3 Bb4+ 4. Bd2 Qe7 5. Nc3 O-O 6. Qc2 d6
7. a3 Bxc3 8. Bxc3 Nbd7 9. h3 b6 10. e4 e5 11. d5 Nc5 12. Nd2
Bd7 13. Be2 Ne8 14. Bg4 Nf6 15. Bxd7 Qxd7 16. g4 a5 17. f4
Rfe8 18. fxe5 dxe5 19. O-O h5 20. Rf5 hxg4 21. Raf1 gxh3
22. b4 axb4 23. axb4 Nb7 24. Kh1 Ng4 25. Qd3 Nd6 26. Rh5 g6
27. Rh4 Kg7 28. Qg3 Ra3 29. Qxh3 Nf6 30. Rh7+ Nxh7 31. Qxd7
Rxc3 32. Qxc7 Rh8 33. Kg2 Rd3 34. Rf2 Nf6 35. Qxd6 Ng4 36. Nf1
1-0

[Event "Polish Men's Championship"]
[Site "Poznan POL"]
[Date "2016.03.30"]
[EventDate "?"]
[Round "1.3"]
[Result "0-1"]
[White "Jacek Tomczak"]
[Black "Jan-Krzysztof Duda"]
[WhiteElo "2603"]
[BlackElo "2652"]
[PlyCount "80"]

1. e4 c5 2. Nf3 d6 3. d4 cxd4 4. Nxd4 Nf6 5. Nc3 a6 6. Be3 e5
7. Nb3 Be6 8. f3 Nbd7 9. Qd2 b5 10. a4 b4 11. Nd5 Bxd5
12. exd5 Nb6 13. Bxb6 Qxb6 14. Bc4 Be7 15. a5 Qc7 16. Qxb4 O-O
17. Nd2 Rfb8 18. Qa3 Qb7 19. Qb3 Qa7 20. Qd3 e4 21. fxe4 Rxb2
22. Bb3 Ng4 23. Qe2 Ne3 24. Nf1 Nxc2+ 25. Bxc2 Qd4 26. Qd3
Qb4+ 27. Nd2 Bg5 28. h4 Bh6 29. Rc1 Rc8 30. Kd1 g6 31. Rh3
Qxa5 32. h5 Qc5 33. Rf3 a5 34. hxg6 hxg6 35. e5 Qg1+ 36. Qf1
Qd4 37. Qf2 Qxe5 38. Rxf7 Rbxc2 39. Rxc2 Qa1+ 40. Ke2 Rxc2 0-1

[Event "Polish Men's Championship"]
[Site "Poznan POL"]
[Date "2016.03.31"]
[EventDate "?"]
[Round "2.1"]
[Result "1/2-1/2"]
[White "Jan-Krzysztof Duda"]
[Black "Dariusz Swiercz"]
[WhiteElo "2652"]
[BlackElo "2665"]
[PlyCount "88"]

1. e4 e5 2. Nf3 Nc6 3. Bb5 Nf6 4. O-O Nxe4 5. d4 Nd6 6. Bxc6
dxc6 7. dxe5 Nf5 8. Qxd8+ Kxd8 9. h3 Ke8 10. Nc3 h5 11. Bf4
Be7 12. Ne4 Be6 13. c3 Rd8 14. Neg5 Rh6 15. Nxe6 Rxe6 16. g3
c5 17. Rae1 b5 18. Kg2 Ra6 19. a3 b4 20. axb4 cxb4 21. cxb4
Bxb4 22. Ra1 Rxa1 23. Rxa1 a5 24. e6 fxe6 25. Bxc7 Rd5 26. Rc1
Nd4 27. Nxd4 Rxd4 28. Be5 Rd7 29. Rc6 Kf7 30. b3 g6 31. Rc7
Rxc7 32. Bxc7 Ke7 33. Kf3 Kd7 34. Bf4 Bc5 35. Bd2 Bb6 36. Kf4
Ke7 37. Be1 Bc7+ 38. Ke4 Bb6 39. f3 Bc7 40. g4 Kd7 41. gxh5
gxh5 42. f4 Kc6 43. f5 exf5+ 44. Kxf5 Bd8 1/2-1/2

[Event "Polish Men's Championship"]
[Site "Poznan POL"]
[Date "2016.04.01"]
[EventDate "?"]
[Round "3.5"]
[Result "1/2-1/2"]
[White "Grzegorz Gajewski"]
[Black "Jan-Krzysztof Duda"]
[WhiteElo "2633"]
[BlackElo "2652"]
[PlyCount "81"]

1. d4 d5 2. c4 c6 3. Nc3 Nf6 4. e3 e6 5. Nf3 Nbd7 6. Qc2 Bd6
7. b3 O-O 8. Be2 b6 9. O-O Bb7 10. Bb2 Qe7 11. Rae1 Rae8
12. e4 Nxe4 13. Nxe4 dxe4 14. Qxe4 f5 15. Qc2 c5 16. d5 Qf7
17. g3 h6 18. Nh4 Be5 19. Bd3 Bxb2 20. Qxb2 g6 21. Ng2 exd5
22. cxd5 Nf6 23. Nf4 Nxd5 24. Rxe8 Rxe8 25. Bc4 g5 26. Ng2 Kh7
27. Rd1 Qf6 28. Qd2 Ne7 29. Qd7 Qc6 30. Bf1 Kg7 31. Rd6 Qxd7
32. Rxd7 Bc6 33. Rxa7 Kf6 34. Ne3 Ra8 35. Rxa8 Bxa8 36. Nc4
Nc8 37. f4 gxf4 38. gxf4 Bd5 39. Ne5 Be6 40. Kf2 Ne7 41. Bc4
1/2-1/2

[Event "Polish Men's Championship"]
[Site "Poznan POL"]
[Date "2016.04.02"]
[EventDate "?"]
[Round "4.5"]
[Result "1/2-1/2"]
[White "Jan-Krzysztof Duda"]
[Black "Mateusz Bartel"]
[WhiteElo "2652"]
[BlackElo "2625"]
[PlyCount "80"]

1. d4 d5 2. c4 c6 3. Nc3 dxc4 4. e4 b5 5. a4 b4 6. Nb1 Ba6
7. Qc2 e5 8. Nf3 b3 9. Qc3 Nf6 10. Nbd2 exd4 11. Nxd4 Bc5
12. Nf5 O-O 13. Bxc4 Bxc4 14. Qxc4 Nbd7 15. O-O Re8 16. Qxb3
Nxe4 17. Nxe4 Rxe4 18. Qc2 Qe8 19. Ng3 Re6 20. Bd2 Bf8
21. Rae1 Nf6 22. Nf5 Rd8 23. Rxe6 Qxe6 24. Be3 Rd5 25. Nd4 Qd6
26. Nf3 c5 27. h3 h6 28. Re1 Qd7 29. Bd2 Rd6 30. Bc3 Nd5
31. Ne5 Qc8 32. Bd2 Re6 33. b3 Qe8 34. Nd3 Rxe1+ 35. Nxe1 Bd6
36. Qd3 Qe5 37. g3 Qe6 38. Nc2 Nf6 39. Ne3 Be5 40. Qf5 Qe8
1/2-1/2

[Event "Polish Men's Championship"]
[Site "Poznan POL"]
[Date "2016.04.03"]
[EventDate "?"]
[Round "5.1"]
[Result "0-1"]
[White "Kamil Dragun"]
[Black "Jan-Krzysztof Duda"]
[WhiteElo "2594"]
[BlackElo "2652"]
[PlyCount "104"]

1. e4 c5 2. Nf3 d6 3. d4 cxd4 4. Nxd4 Nf6 5. Nc3 a6 6. Be3 e5
7. Nb3 Be7 8. h3 O-O 9. g4 Be6 10. g5 Nfd7 11. h4 Nb6 12. Qd2
N8d7 13. O-O-O Qc7 14. Kb1 Rfc8 15. h5 a5 16. Nc1 Nc4 17. Bxc4
Qxc4 18. g6 Bf8 19. f4 exf4 20. Bd4 h6 21. gxf7+ Bxf7 22. Qxf4
Ne5 23. b3 Qe6 24. Nd5 Ra6 25. Nd3 a4 26. Rdf1 axb3 27. axb3
Nxd3 28. cxd3 Ra5 29. Qf5 Qxf5 30. Rxf5 Rca8 31. Rhf1 Bxd5
32. exd5 Be7 33. Re1 Rf8 34. Ref1 Rxd5 35. Rxd5 Rxf1+ 36. Kc2
Rf7 37. Kc3 Kh7 38. Rb5 Bg5 39. Rb6 Rc7+ 40. Kb4 Bf4 41. Rb5
g6 42. Ka5 gxh5 43. Rxh5 Kg6 44. Rh1 h5 45. Kb6 Rh7 46. Bf2
Kf5 47. b4 Kg4 48. b5 Bg3 49. Bd4 h4 50. Ka7 h3 51. b6 Be5
52. Bg1 Kf3 0-1

[Event "Polish Men's Championship"]
[Site "Poznan POL"]
[Date "2016.04.04"]
[EventDate "?"]
[Round "6.4"]
[Result "1/2-1/2"]
[White "Marcel Kanarek"]
[Black "Jan-Krzysztof Duda"]
[WhiteElo "2532"]
[BlackElo "2652"]
[PlyCount "97"]

1. e4 c5 2. Nf3 e6 3. d4 cxd4 4. Nxd4 Nc6 5. Nc3 d6 6. Be2 Nf6
7. O-O Be7 8. Kh1 O-O 9. f4 Qc7 10. Be3 a6 11. Qe1 Nxd4
12. Bxd4 b5 13. Qg3 Bb7 14. a3 Bc6 15. Rae1 Qb7 16. Bf3 Rad8
17. b4 Rd7 18. Nd5 Ne8 19. Nxe7+ Rxe7 20. e5 f6 21. exd6 Nxd6
22. Bc5 Rd7 23. Bxc6 Qxc6 24. Qb3 Qd5 25. Rxe6 Qxb3 26. cxb3
Rfd8 27. Rd1 Nf5 28. Rxd7 Rxd7 29. g3 Nd4 30. Rxa6 Nxb3
31. Bf2 Nd2 32. Rb6 Ne4 33. Bg1 Nc3 34. Bc5 Rd2 35. Rb8+ Kf7
36. f5 g6 37. Rb7+ Kg8 38. fxg6 hxg6 39. g4 g5 40. h3 Rd1+
41. Kg2 Rd2+ 42. Kf1 Rd3 43. Ke1 Ne4 44. Rxb5 Rxa3 45. Rb7
Rxh3 46. Ke2 Nxc5 47. bxc5 Rc3 48. Rc7 Kf8 49. Kf2 1/2-1/2

[Event "Polish Men's Championship"]
[Site "Poznan POL"]
[Date "2016.04.05"]
[EventDate "?"]
[Round "7.2"]
[Result "1/2-1/2"]
[White "Jan-Krzysztof Duda"]
[Black "Radoslaw Wojtaszek"]
[WhiteElo "2652"]
[BlackElo "2713"]
[PlyCount "81"]

1. e4 c6 2. d4 d5 3. Nc3 dxe4 4. Nxe4 Nd7 5. Ng5 Ngf6 6. Bc4
e6 7. Qe2 Nb6 8. Bd3 h6 9. N5f3 c5 10. dxc5 Bxc5 11. Ne5 Nbd7
12. Ngf3 Qc7 13. O-O O-O 14. Bf4 Bd6 15. Rfe1 Nxe5 16. Bxe5
Bxe5 17. Qxe5 Qxe5 18. Nxe5 Rd8 19. Rad1 Bd7 20. f3 Be8 21. c4
Kf8 22. Kf2 a5 23. b3 Ke7 24. Bf1 Rxd1 25. Rxd1 Nd7 26. Nd3 b6
27. Ke3 g5 28. g3 f6 29. f4 Bg6 30. Rd2 Nc5 31. Bg2 Rd8
32. Nc1 Rxd2 33. Kxd2 Kd6 34. a3 gxf4 35. gxf4 e5 36. b4 axb4
37. fxe5+ Kxe5 38. axb4 Ne6 39. Ke3 Nf4 40. Bf1 f5 41. c5
1/2-1/2